Terremotos de Andalucía : (Record no. 53683)

MARC details
000 -LEADER
campo de control de longitud fija 01292nam a22002775i 4500
001 - NÚMERO DE CONTROL
campo de control 53683
003 - IDENTIFICADOR DE NÚMERO DE CONTROL
campo de control ES-MaACL
005 - FECHA Y HORA DE LA ÚLTIMA TRANSACCIÓN
campo de control 20250902185528.0
007 - CAMPO FIJO DE DESCRIPCIÓN FÍSICA--INFORMACIÓN GENERAL
campo de control de longitud fija t|
008 - DATOS DE LONGITUD FIJA--INFORMACIÓN GENERAL
campo de control de longitud fija 960704s1885 sp ||||1| spa d
080 ## - NÚMERO DE LA CLASIFICACIÓN DECIMAL UNIVERSAL
Número de la Clasificación Decimal Universal 550.34(468.1)"1884"
245 00 - MENCIÓN DEL TÍTULO
Título Terremotos de Andalucía :
Resto del título informe de la Comisión nombrada para su estudio dando cuenta del estado de los trabajos en 7 de marzo de 1885.
260 ## - PUBLICACIÓN, DISTRIBUCIÓN, ETC.
Lugar de publicación, distribución, etc. Madrid :
Nombre del editor, distribuidor, etc. [s.n.],
Fecha de publicación, distribución, etc. 1885 (
Fabricante Imp. y Fundición de M. Tello)
300 ## - DESCRIPCIÓN FÍSICA
Extensión VI, 105 p., [2] h., [2] h. de lám. ;
Dimensiones 25 cm.
530 ## - NOTA DISPONIBLE DE FORMULARIO FÍSICO ADICIONAL
Nota de formato físico adicional disponible Disponible en formato digital.
594 ## - Nota al título y mención de responsabilidad
Nota al título y mención de responsabilidad Comisión compuesta por: Manuel Fernández de Castro, presidente; vocales, Juan Pablo Lasala, Daniel Cortázar y Joaquín Gonzalo Tarín... (p. V)
650 #4 - PUNTO DE ACCESO ADICIONAL DE MATERIA--TÉRMINO DE MATERIA
Término de materia o nombre geográfico como elemento de entrada Terremotos-
Subdivisión geográfica Andalucía-
Subdivisión cronológica S.XIX.
9 (RLIN) 17487
700 1# - ENTRADA AGREGADA--NOMBRE PERSONAL
Nombre de persona Fernández de Castro, Manuel,
Fechas asociadas al nombre 1825-1895
9 (RLIN) 49645
700 1# - ENTRADA AGREGADA--NOMBRE PERSONAL
Nombre de persona Lasala, Juan Pablo.
9 (RLIN) 70405
700 1# - ENTRADA AGREGADA--NOMBRE PERSONAL
Nombre de persona Cortázar y Larrubia, Daniel de.
9 (RLIN) 40829
700 1# - ENTRADA AGREGADA--NOMBRE PERSONAL
Nombre de persona Gonzalo y Tarín, Joaquín (
Fechas asociadas al nombre 1838-1910)
9 (RLIN) 127394
852 4# - LOCALIZACIÓN
Ubicación ES-MaACL
Número de control de estantería T-383-F-4
856 4# - LOCALIZACIÓN Y ACCESO ELECTRÓNICOS
Identificador Uniforme de Recursos <a href="http://bdh-rd.bne.es/viewer.vm?id=0000076053&page=1 ">http://bdh-rd.bne.es/viewer.vm?id=0000076053&page=1 </a>
Nota pública Biblioteca Digital Hispánica
856 4# - LOCALIZACIÓN Y ACCESO ELECTRÓNICOS
Identificador Uniforme de Recursos <a href="http://hdl.handle.net/10481/19269 ">http://hdl.handle.net/10481/19269 </a>
Nota pública Repositorio Institucional de la Universidad de Granada
Holdings
Estatus retirado Estado de pérdida Estado de daño No para préstamo Colección Biblioteca de origen Biblioteca actual Ubicación en estantería Fecha de adquisición Fuente de adquisición Total de préstamos Signatura topográfica completa Código de barras Visto por última vez Precio de reemplazo Tipo de ítem Koha
        Colección de folletos Biblioteca del Ateneo de Madrid Biblioteca del Ateneo de Madrid Depósito folletos 17/01/2008     T-383-F-4 1056409 23/02/2023 23/02/2023 Folleto